000
00327nam a2200145Ia 4500
008
150201s2008 xx 000 0 und d
082
_a
617
_b
C08D
100
_a
DAS , S.
245
2
_a
A CONCISE TB. OF SURGERY
250
_a
5TH
260
_b
U.B.S.
_a
DELHI
_c
2008
300
_a
1-1346
650
_a
SURGERY
942
_2
ddc
_c
BK
_0
33
999
_c
211
_d
211